[Event "ØBRO 75 år & KM"]
[Site "?"]
[Date "2011.10.18"]
[Round "5"]
[White "Andersen, Ole Bo"]
[Black "Brøndum, Eric"]
[Result "1/2-1/2"]
[WhiteElo "2138"]
[BlackElo "2140"]
[PlyCount "57"]
[EventDate "2011.??.??"]

1. d4 Nf6 2. c4 e5 3. dxe5 Ng4 4. Nf3 Bc5 5. e3 Nc6 6. Be2 O-O 7. O-O Ngxe5 8.
b3 Nxf3+ 9. Bxf3 Qf6 10. Qc2 Qxa1 11. Nc3 d5 12. Bb2 Bf5 13. Qd2 Qxf1+ 14. Kxf1
dxc4 15. e4 Be6 16. Nd5 f6 17. bxc4 Ne5 18. Bxe5 fxe5 19. Qb2 Bxd5 20. cxd5 Bd4
21. Qxb7 Rab8 22. Qc6 Rb2 23. Qxc7 Rbb8 24. Bg4 Rxf2+ 25. Ke1 Rb1+ 26. Bd1 Rxa2
27. Qc8+ Kf7 28. Qd7+ Kf8 29. Qd8+ 1/2-1/2

[Event "ØBRO 75 år & KM"]
[Site "?"]
[Date "2011.10.18"]
[Round "5"]
[White "Steenstrup, Per"]
[Black "Petersen, Steen Brustrup"]
[Result "0-1"]
[WhiteElo "1999"]
[BlackElo "2122"]
[PlyCount "80"]
[EventDate "2011.??.??"]

1. d4 Nf6 2. Nf3 g6 3. Bf4 Bg7 4. e3 O-O 5. c4 d6 6. h3 c5 7. Nc3 Nbd7 8. Be2
b6 9. O-O cxd4 10. exd4 Bb7 11. Rc1 Re8 12. d5 Nc5 13. Re1 a5 14. b3 Nfe4 15.
Nxe4 Nxe4 16. Bd3 Nc5 17. a4 e5 18. dxe6 fxe6 19. Be2 e5 20. Be3 Qd7 21. Bxc5
bxc5 22. Qd2 e4 23. Nh2 Rf8 24. Ng4 h5 25. Ne3 Qf7 26. Bf1 Bd4 27. g3 Qf6 28.
Re2 Qe5 29. Bg2 Kg7 30. Rc2 Rf7 31. Qe1 h4 32. g4 Raf8 33. Nf1 Qf4 34. Ne3 Bc6
35. Qxa5 Be5 36. Qd2 Qh2+ 37. Kf1 Rf3 38. Ke1 Rxe3 39. Qxe3 Qxg2 40. Qg5 Qg1+
0-1

[Event "ØBRO 75 år & KM"]
[Site "?"]
[Date "2011.10.18"]
[Round "5"]
[White "Carstensen, Jacob"]
[Black "Nielsen, Jens Holm"]
[Result "1-0"]
[WhiteElo "2372"]
[BlackElo "1898"]
[PlyCount "69"]
[EventDate "2011.??.??"]

1. d4 d5 2. c4 c6 3. Nf3 Nf6 4. Nc3 g6 5. e3 Bg7 6. Bd3 O-O 7. O-O Re8 8. Ne5
Nfd7 9. f4 f6 10. Nxg6 Nf8 11. Nxf8 Rxf8 12. Qc2 f5 13. cxd5 cxd5 14. Nxd5 Nc6
15. Nc3 Kh8 16. a3 b6 17. d5 Na5 18. b4 Nb7 19. Bb2 Nd6 20. e4 Ne8 21. e5 e6
22. d6 Bb7 23. Be2 Rc8 24. Qb3 Qd7 25. Bf3 Bc6 26. Bxc6 Rxc6 27. Nb5 Bh6 28.
Nd4 Ng7 29. Nxc6 Qxc6 30. Rac1 Qe4 31. Qf3 Nh5 32. Qxh5 Bxf4 33. Qf3 Be3+ 34.
Kh1 Qxf3 35. gxf3 1-0

[Event "ØBRO 75 år & KM"]
[Site "?"]
[Date "2011.10.18"]
[Round "5"]
[White "Petersen, Martin Reib "]
[Black "Christensen, Bo Garner"]
[Result "1-0"]
[WhiteElo "1969"]
[BlackElo "2277"]
[PlyCount "39"]
[EventDate "2011.??.??"]

1. e4 c5 2. d4 cxd4 3. c3 dxc3 4. Nxc3 Nc6 5. Bc4 e6 6. Nf3 Nf6 7. O-O Qc7 8.
Qe2 a6 9. Rd1 b5 10. Bb3 Bc5 11. h3 h5 12. e5 Ng4 13. Ne4 Ba7 14. Nd6+ Kf8 15.
hxg4 hxg4 16. Ng5 g3 17. Be3 Nxe5 18. Rac1 Qd8 19. Rxc8 Rxc8 20. Nxc8 1-0

[Event "ØBRO 75 år & KM"]
[Site "?"]
[Date "2011.10.19"]
[Round "6"]
[White "Mikkelsen, Nikolaj"]
[Black "Petersen, Steen Brustrup"]
[Result "1-0"]
[WhiteElo "2384"]
[BlackElo "2122"]
[PlyCount "79"]
[EventDate "2011.??.??"]

1. e4 c5 2. Nc3 Nc6 3. Bb5 Nd4 4. Bc4 d6 5. Nge2 Nf6 6. O-O Bd7 7. d3 e6 8.
Nxd4 cxd4 9. Ne2 d5 10. exd5 exd5 11. Bb3 Bc5 12. Nf4 O-O 13. Nxd5 Bc6 14.
Nxf6+ Qxf6 15. Qh5 Bd6 16. Qg5 Rfe8 17. Qxf6 gxf6 18. Bd2 a5 19. a4 Re2 20.
Rad1 b5 21. axb5 Bxb5 22. Bd5 Rc8 23. Bf3 Re5 24. c4 Ba4 25. Rc1 Bb4 26. Bxb4
axb4 27. g3 Rc7 28. Kg2 Kg7 29. h4 f5 30. Rh1 Re6 31. h5 Kf6 32. Rh4 Rd6 33.
Rf4 Rc5 34. g4 Kg5 35. Rxf5+ Rxf5 36. gxf5 Kxf5 37. Kg3 Bc6 38. Ra1 Bxf3 39.
Kxf3 Kg5 40. Ke4 1-0

[Event "ØBRO 75 år & KM"]
[Site "?"]
[Date "2011.10.19"]
[Round "6"]
[White "Akdag, Dara"]
[Black "Bekker-Jensen, Simon"]
[Result "1-0"]
[WhiteElo "2218"]
[BlackElo "2409"]
[PlyCount "105"]
[EventDate "2011.??.??"]

1. d4 Nf6 2. c4 g6 3. Nc3 Bg7 4. e4 d6 5. Be2 O-O 6. Nf3 Na6 7. O-O e5 8. Be3
Ng4 9. Bg5 Qe8 10. Re1 h6 11. Bh4 c6 12. h3 Nf6 13. Bf1 Nh5 14. dxe5 dxe5 15.
c5 Nxc5 16. Qd6 g5 17. Qxc5 gxh4 18. Nxh4 Nf4 19. Nf5 Ne6 20. Qd6 Nd4 21. Nxg7
Kxg7 22. Re3 f6 23. Rg3+ Kh7 24. Rd1 Be6 25. Rxd4 exd4 26. Qxd4 Qd7 27. Qc5 b6
28. Qh5 Qf7 29. Qh4 Rad8 30. Be2 Rg8 31. Rf3 Rg5 32. e5 Qg7 33. g3 f5 34. Qf4
Qe7 35. Bd3 Kh8 36. h4 Rg6 37. Bxf5 Rf8 38. Qe4 Bxf5 39. Rxf5 Rxf5 40. Qxf5 Qe6
41. Qxe6 Rxe6 42. f4 h5 43. Kf2 Kg7 44. Kf3 Kf7 45. Ne4 Re7 46. g4 hxg4+ 47.
Kxg4 Kg7 48. Nd6 Re6 49. h5 c5 50. Kf5 Rh6 51. Kg5 Re6 52. h6+ Kh7 53. Nf7 1-0

[Event "ØBRO 75 år & KM"]
[Site "?"]
[Date "2011.10.19"]
[Round "6"]
[White "Rhee, Alexander"]
[Black "Nielsen, Steffen Slumstrup"]
[Result "1-0"]
[WhiteElo "2102"]
[BlackElo "2190"]
[PlyCount "75"]
[EventDate "2011.??.??"]

1. d4 Nf6 2. c4 g6 3. Nc3 Bg7 4. e4 d6 5. Nf3 O-O 6. Be2 e5 7. O-O Nc6 8. d5
Ne7 9. Ne1 Nd7 10. Nd3 f5 11. f3 f4 12. Bd2 g5 13. Rc1 h5 14. c5 Nf6 15. Nb5
Bd7 16. cxd6 cxd6 17. Nc7 Rc8 18. Ne6 Qb6+ 19. Kh1 Rxc1 20. Bxc1 Bxe6 21. dxe6
d5 22. h4 dxe4 23. Nxe5 Nf5 24. hxg5 Ng3+ 25. Kh2 Ng4+ 26. fxg4 Bxe5 27. e7
Nxf1+ 28. Bxf1 Qc5 29. Qb3+ Kg7 30. Qe6 Rh8 31. Kh3 f3 32. gxh5 Rxh5+ 33. Kg4
fxg2 34. Kxh5 gxf1=Q 35. Qh6+ Kg8 36. e8=Q+ Qcf8 37. Qhe6+ Kh7 38. Q6g6+ 1-0

[Event "ØBRO 75 år & KM"]
[Site "?"]
[Date "2011.10.19"]
[Round "6"]
[White "Haubro, Martin"]
[Black "Carstensen, Jacob"]
[Result "0-1"]
[WhiteElo "2050"]
[BlackElo "2372"]
[PlyCount "100"]
[EventDate "2011.??.??"]

1. d4 Nf6 2. c4 e6 3. Nf3 d5 4. cxd5 exd5 5. Bf4 Bb4+ 6. Nbd2 O-O 7. Qc2 c6 8.
e3 Bg4 9. Bd3 Bxf3 10. gxf3 Qa5 11. Rg1 Bxd2+ 12. Qxd2 Qxd2+ 13. Kxd2 Re8 14.
Rgc1 a5 15. b3 Nbd7 16. a3 Nh5 17. Bd6 Re6 18. Bg3 Nxg3 19. hxg3 g6 20. b4 h5
21. b5 Kf8 22. g4 Ke7 23. gxh5 gxh5 24. Bf5 Rh6 25. Bxd7 Kxd7 26. bxc6+ bxc6
27. Rh1 h4 28. Rh3 Rb8 29. Kc2 c5 30. dxc5 Rb5 31. Kd3 Rxc5 32. Rah1 Rhc6 33.
Rxh4 Rc3+ 34. Ke2 Rxa3 35. Rd1 Rc2+ 36. Ke1 Raa2 37. Rh5 Re2+ 38. Kf1 Rxf2+ 39.
Kg1 a4 40. Rhxd5+ Ke7 41. f4 a3 42. R5d3 Rg2+ 43. Kf1 Rh2 44. Kg1 Rag2+ 45. Kf1
Rb2 46. Kg1 a2 47. Ra3 Rhd2 48. Re1 Rb1 49. Kf1 Rxe1+ 50. Kxe1 Rb2 0-1

[Event "ØBRO 75 år & KM"]
[Site "?"]
[Date "2011.10.19"]
[Round "6"]
[White "Petersen, Martin Reib"]
[Black "Andersen, Ole Bo"]
[Result "1/2-1/2"]
[WhiteElo "1969"]
[BlackElo "2138"]
[PlyCount "80"]
[EventDate "2011.??.??"]

1. e4 d5 2. d4 dxe4 3. Nc3 e5 4. Be3 Bb4 5. Bc4 Ne7 6. Qh5 Ng6 7. Nge2 O-O 8.
O-O-O Qh4 9. Qxh4 Nxh4 10. dxe5 Nxg2 11. Bg5 Bxc3 12. Nxc3 Bg4 13. Rhg1 Bxd1
14. Kxd1 h6 15. Be7 Nf4 16. Nxe4 Nc6 17. Bxf8 Kxf8 18. Rg4 Nxe5 19. Rxf4 Nxc4
20. b3 Nd6 21. Nc5 Ke7 22. Rg4 g5 23. Ke2 f5 24. Rg3 f4 25. Rh3 Rh8 26. c4 b6
27. Na6 Kd7 28. Nb4 Re8+ 29. Kf3 Re6 30. Kg2 Nf5 31. Rc3 g4 32. Rd3+ Kc8 33.
Kf1 Nh4 34. h3 h5 35. hxg4 hxg4 36. Nd5 Re4 37. Nf6 Re6 38. Nxg4 Rg6 39. Ne5
Re6 40. Nf3 Ng6 1/2-1/2

[Event "ØBRO 75 år & KM"]
[Site "?"]
[Date "2011.10.19"]
[Round "6"]
[White "Rostgaard, Tobias"]
[Black "Taylor, Graham"]
[Result "1-0"]
[WhiteElo "2198"]
[BlackElo "2025"]
[PlyCount "63"]
[EventDate "2011.??.??"]

1. d4 Nf6 2. c4 e6 3. g3 d5 4. Bg2 Be7 5. Nf3 O-O 6. O-O dxc4 7. Qc2 a6 8. Qxc4
b5 9. Qc2 Bb7 10. Bd2 Nc6 11. e3 Nb4 12. Bxb4 Bxb4 13. a3 Bd6 14. Nbd2 Rc8 15.
b4 a5 16. e4 Be7 17. Rab1 axb4 18. axb4 c6 19. Qc3 Ra8 20. Ne1 Ra4 21. Nd3 Nd7
22. Rfd1 Qb8 23. e5 Rd8 24. f4 Qa7 25. Nc5 Nxc5 26. dxc5 Rxb4 27. Ne4 Rxb1 28.
Rxb1 f5 29. Nd6 Bxd6 30. exd6 Rxd6 31. Ra1 b4 32. Qe5 1-0

[Event "ØBRO 75 år & KM"]
[Site "?"]
[Date "2011.10.19"]
[Round "6"]
[White "Petersen, Nils"]
[Black "Sørensen, Dick"]
[Result "1/2-1/2"]
[WhiteElo "2035"]
[BlackElo "1982"]
[PlyCount "33"]
[EventDate "2011.??.??"]

1. Nf3 Nf6 2. d3 d6 3. e4 e5 4. Be2 Be7 5. Nc3 O-O 6. O-O Nc6 7. h3 Be6 8. Kh2
Qd7 9. Ng5 Nd4 10. Be3 Nxe2 11. Qxe2 h6 12. Nxe6 fxe6 13. Rad1 Qe8 14. d4 exd4
15. Bxd4 e5 16. Be3 c6 17. g3 1/2-1/2

[Event "ØBRO 75 år & KM"]
[Site "?"]
[Date "2011.10.20"]
[Round "7"]
[White "Rhee, Alexander"]
[Black "Mikkelsen, Nikolaj"]
[Result "0-1"]
[WhiteElo "2102"]
[BlackElo "2384"]
[PlyCount "44"]
[EventDate "2011.??.??"]

1. c4 e5 2. a3 d6 3. Nf3 f5 4. d4 e4 5. Bg5 Be7 6. Bxe7 Qxe7 7. Ng1 f4 8. e3
fxe3 9. fxe3 Nf6 10. Nc3 O-O 11. Nh3 Bxh3 12. gxh3 c5 13. Qe2 cxd4 14. exd4 Nc6
15. O-O-O Rac8 16. b4 d5 17. c5 a5 18. Qb2 axb4 19. axb4 b6 20. Qb3 Kh8 21. Bb5
Nxd4 22. Rxd4 bxc5 0-1

[Event "ØBRO 75 år & KM"]
[Site "?"]
[Date "2011.10.20"]
[Round "7"]
[White "Carstensen, Jacob"]
[Black "Akdag, Dara"]
[Result "1-0"]
[WhiteElo "2372"]
[BlackElo "2218"]
[PlyCount "77"]
[EventDate "2011.??.??"]

1. d4 d5 2. c4 c6 3. Nf3 Nf6 4. Nc3 e6 5. g3 dxc4 6. Bg2 b5 7. Ne5 Nd5 8. e4
Nxc3 9. bxc3 Bb7 10. O-O Nd7 11. Bf4 Be7 12. Nxd7 Qxd7 13. Qg4 Bf6 14. e5 h5
15. Qe2 Be7 16. h4 g6 17. a4 a6 18. Be4 O-O 19. g4 hxg4 20. Qxg4 Kg7 21. h5 Rh8
22. h6+ Kh7 23. Be3 Rhc8 24. Kh2 Qe8 25. f4 Qg8 26. f5 gxf5 27. Bxf5+ Kh8 28.
Qh5 exf5 29. Rg1 Qd8 30. Qxf5 Bf6 31. Raf1 c5 32. Rg7 Bxe5+ 33. Kh3 Bxg7 34.
hxg7+ Kxg7 35. Qxf7+ Kh8 36. Qh5+ Kg8 37. Qg6+ Kh8 38. Qh6+ Kg8 39. Rg1+ 1-0

[Event "ØBRO 75 år & KM"]
[Site "?"]
[Date "2011.10.20"]
[Round "7"]
[White "Bekker-Jensen, Simon"]
[Black "Haubro, Sigfred"]
[Result "1-0"]
[WhiteElo "2409"]
[BlackElo "2109"]
[PlyCount "121"]
[EventDate "2011.??.??"]

1. d4 d5 2. c4 dxc4 3. Nf3 Nf6 4. e3 e6 5. Bxc4 a6 6. O-O c5 7. Bb3 Nc6 8. Qe2
cxd4 9. Rd1 Be7 10. exd4 O-O 11. Nc3 Na5 12. Bc2 b5 13. Bg5 Bb7 14. Ne5 g6 15.
Re1 Re8 16. Rad1 Rc8 17. a3 Nc4 18. Bb3 Qb6 19. Bxc4 bxc4 20. Na4 Qa5 21. Nc5
Bd5 22. Qe3 Qd8 23. Qf4 Rf8 24. Qh4 Rc7 25. Nxa6 Ra7 26. Nb4 Nh5 27. Bxe7 Qxe7
28. Qxe7 Rxe7 29. Nxg6 fxg6 30. Nxd5 Ref7 31. Ne3 Rxf2 32. Nxc4 Rc2 33. Rc1
Rff2 34. Rxc2 Rxc2 35. b3 Nf4 36. Re4 g5 37. Ne3 Ra2 38. a4 Kf7 39. h4 h6 40.
hxg5 hxg5 41. Kh2 Rb2 42. Kg3 Rxb3 43. Kg4 Kf6 44. g3 Nd3 45. Kf3 Nb4 46. Kg2
Ra3 47. Kh3 Nd3 48. Ng4+ Kf5 49. Re3 Nf4+ 50. gxf4 Rxa4 51. fxg5 Kxg5 52. Re4
Kf5 53. Nf2 Ra2 54. Kg3 Rd2 55. Re5+ Kg6 56. Rxe6+ Kf5 57. Rf6+ Kxf6 58. Ne4+
Ke6 59. Nxd2 Kd5 60. Nb3 Ke4 61. Kg4 1-0

[Event "ØBRO 75 år & KM"]
[Site "?"]
[Date "2011.10.20"]
[Round "7"]
[White "Petersen, Steen Brustrup"]
[Black "Rostgaard, Tobias"]
[Result "0-1"]
[WhiteElo "2122"]
[BlackElo "2198"]
[PlyCount "110"]
[EventDate "2011.??.??"]

1. e4 c5 2. Nf3 Nc6 3. Nc3 e6 4. d4 cxd4 5. Nxd4 Qc7 6. Be3 a6 7. Qd2 Nf6 8.
O-O-O Bb4 9. f3 Ne5 10. Kb1 d5 11. Ncb5 Qa5 12. Nc7+ Qxc7 13. Qxb4 Nc6 14. Nxc6
bxc6 15. c4 Rb8 16. Qa3 dxe4 17. Bc5 Rb7 18. Qc3 Qf4 19. Bd6 Qf5 20. f4 Rg8 21.
Be2 h5 22. h3 h4 23. Rhg1 Rd7 24. Qb4 g5 25. Qb8 Rd8 26. Bc7 Nd7 27. Qb4 gxf4
28. Bxd8 Kxd8 29. Qb6+ Ke7 30. Ka1 Ne5 31. Qc5+ Kf6 32. Qd4 c5 33. Qf2 Ng6 34.
Bg4 Qe5 35. Rgf1 Bb7 36. Qe2 Bc6 37. Bh5 Kg7 38. Qg4 Rb8 39. Rb1 Qf5 40. Bxg6
Qxg4 41. hxg4 Kxg6 42. Rxf4 e3 43. g5 Bxg2 44. Rxh4 e2 45. Rf4 Rd8 46. Rf2 Bf1
47. Rfxf1 exf1=Q 48. Rxf1 Kxg5 49. b4 f5 50. Kb2 cxb4 51. Kb3 a5 52. Ka4 Rc8
53. Kb5 f4 54. c5 e5 55. Rc1 f3 0-1

[Event "ØBRO 75 år & KM"]
[Site "?"]
[Date "2011.10.20"]
[Round "7"]
[White "Brøndum, Eric"]
[Black "Petersen, Martin Reib"]
[Result "0-1"]
[WhiteElo "2140"]
[BlackElo "1969"]
[PlyCount "84"]
[EventDate "2011.??.??"]

1. d4 Nf6 2. c4 Nc6 3. Nc3 e5 4. d5 Ne7 5. e4 Ng6 6. Be3 Bb4 7. Bd3 O-O 8. Rc1
d6 9. a3 Bxc3+ 10. Rxc3 Nh4 11. g3 Ng2+ 12. Kd2 Nxe3 13. Kxe3 Ng4+ 14. Ke2 f5
15. f3 fxe4 16. Bxe4 Nf6 17. Kd2 Nxe4+ 18. fxe4 Qg5+ 19. Kc2 Rf2+ 20. Kb3 Bg4
21. Qe1 Raf8 22. h3 Qh5 23. c5 Rf1 24. Qe3 Bd1+ 25. Ka2 Ba4 26. g4 Qf7 27. cxd6
c6 28. Qxa7 Bb5 29. a4 Ba6 30. Qc5 Ra8 31. Rh2 Qf4 32. dxc6 Qxe4 33. Rhc2 b6
34. Qa3 Bd3 35. Qb3+ Kf8 36. d7 Rxa4+ 37. Qxa4 Qxa4+ 38. Ra3 Bc4+ 39. b3 Bxb3+
40. Kb2 Qd4+ 41. Rc3 Qd2+ 42. Kxb3 Rb1+ 0-1

[Event "ØBRO 75 år & KM"]
[Site "?"]
[Date "2011.10.20"]
[Round "7"]
[White "Andersen, Ole Bo"]
[Black "Jensen, Søren Holm"]
[Result "1-0"]
[WhiteElo "2138"]
[BlackElo "1994"]
[PlyCount "87"]
[EventDate "2011.??.??"]

1. d4 d5 2. c4 e6 3. Nc3 Be7 4. Nf3 Nf6 5. cxd5 exd5 6. Bg5 c6 7. e3 Bf5 8. Bd3
Bxd3 9. Qxd3 Nbd7 10. O-O O-O 11. Rab1 a5 12. h3 Ne4 13. Bf4 f5 14. Ne5 Nxe5
15. Bxe5 Bd6 16. f4 g6 17. Nxe4 fxe4 18. Qe2 Qd7 19. Bxd6 Qxd6 20. g4 Rf7 21.
Kg2 Raf8 22. a3 Qe7 23. Qe1 Ra8 24. b4 axb4 25. axb4 Ra2+ 26. Rf2 Rxf2+ 27.
Qxf2 Qd8 28. Qc2 Qb6 29. Qc5 Qa6 30. Qc2 Rf8 31. b5 cxb5 32. Qb3 Qc6 33. Qxb5
Qc2+ 34. Kg3 Rf7 35. Re1 Qc3 36. Re2 Qc1 37. Kh4 Qf1 38. Qe8+ Kg7 39. Qe5+ Kg8
40. Ra2 Qb5 41. Ra8+ Rf8 42. Qe6+ Kg7 43. Qe7+ Rf7 44. Qe5+ 1-0

[Event "ØBRO 75 år & KM"]
[Site "?"]
[Date "2011.10.20"]
[Round "7"]
[White "Andersen, Jørgen Fabricius"]
[Black "Christensen, Bo Garner"]
[Result "0-1"]
[WhiteElo "1994"]
[BlackElo "2277"]
[PlyCount "56"]
[EventDate "2011.??.??"]

1. e4 c5 2. Nf3 Nc6 3. d4 cxd4 4. Nxd4 Nf6 5. Nc3 e5 6. Ndb5 d6 7. Bg5 a6 8.
Na3 b5 9. Nd5 Qa5+ 10. Bd2 Qd8 11. Bg5 Be7 12. Bxf6 Bxf6 13. c3 O-O 14. Nc2 Bg5
15. h4 Bh6 16. a4 bxa4 17. Rxa4 a5 18. Bc4 Rb8 19. b3 Kh8 20. Nce3 g6 21. h5
Kg7 22. Ng4 Bg5 23. h6+ Kh8 24. Nge3 f5 25. exf5 gxf5 26. Ra2 f4 27. Ng4 e4 28.
Re2 Bxg4 0-1

[Event "ØBRO 75 år & KM"]
[Site "?"]
[Date "2011.10.20"]
[Round "7"]
[White "Nielsen, Steffen Slumstrup"]
[Black "Zachariasen, John"]
[Result "1-0"]
[WhiteElo "2190"]
[BlackElo "1923"]
[PlyCount "67"]
[EventDate "2011.??.??"]

1. e4 d6 2. d4 Nf6 3. Nc3 Nbd7 4. f4 e5 5. Nf3 Be7 6. Be2 O-O 7. O-O c6 8. Kh1
exd4 9. Nxd4 Nc5 10. Bf3 Re8 11. Re1 Bf8 12. b3 Qc7 13. Bb2 a5 14. a3 Bd7 15.
f5 Rad8 16. Qd2 Bc8 17. Qf4 Ncd7 18. g4 Ne5 19. g5 Nfd7 20. Bg2 b5 21. Re3 b4
22. axb4 axb4 23. Nce2 c5 24. Rh3 cxd4 25. Qh4 h6 26. gxh6 Qxc2 27. hxg7 Bxg7
28. Qh7+ Kf8 29. Rg3 Qxb2 30. Qxg7+ Ke7 31. Ra7 Rf8 32. f6+ Ke8 33. Rh3 Qxe2
34. Qxf8+ 1-0

[Event "ØBRO 75 år & KM"]
[Site "?"]
[Date "2011.10.21"]
[Round "8"]
[White "Mikkelsen, Nikolaj"]
[Black "Carstensen, Jacob"]
[Result "1/2-1/2"]
[WhiteElo "2384"]
[BlackElo "2372"]
[PlyCount "44"]
[EventDate "2011.??.??"]

1. e4 c5 2. Nf3 d6 3. Bb5+ Bd7 4. Bxd7+ Nxd7 5. b3 Ngf6 6. Qe2 g6 7. c3 Rc8 8.
O-O Bh6 9. d3 Bxc1 10. Rxc1 O-O 11. Nbd2 e6 12. d4 cxd4 13. cxd4 d5 14. e5 Nh5
15. g3 Qa5 16. Nf1 Ng7 17. Ne3 Qa3 18. Qd2 f5 19. Ng2 Qe7 20. Rxc8 Rxc8 21. Rc1
Rxc1+ 22. Qxc1 Nf8 1/2-1/2

[Event "ØBRO 75 år & KM"]
[Site "?"]
[Date "2011.10.21"]
[Round "8"]
[White "Rostgaard, Tobias"]
[Black "Bekker-Jensen, Simon"]
[Result "1-0"]
[WhiteElo "2198"]
[BlackElo "2409"]
[PlyCount "121"]
[EventDate "2011.??.??"]

1. d4 Nf6 2. c4 g6 3. g3 Bg7 4. Bg2 O-O 5. Nf3 d6 6. Nc3 c6 7. O-O Na6 8. e4 e5
9. h3 Qb6 10. Re1 exd4 11. Nxd4 Nd7 12. Nde2 Qb4 13. Rb1 Qxc4 14. Qxd6 Ne5 15.
Be3 Qe6 16. Qxe6 Bxe6 17. Red1 Nc4 18. Bd4 Rfd8 19. Bxg7 Kxg7 20. Nd4 Nc5 21.
Bf1 Ne5 22. Nxe6+ Nxe6 23. Kg2 g5 24. b4 b5 25. Be2 Rxd1 26. Rxd1 a5 27. bxa5
b4 28. Nb1 Rxa5 29. Rd2 c5 30. Rb2 Nd4 31. Bf1 h6 32. Nd2 Ra3 33. Nb3 Nxb3 34.
axb3 Nc6 35. Bc4 Ra1 36. f4 Nd4 37. Kf2 Kf6 38. Kg2 Kg6 39. Kf2 Kg7 40. Kg2 Rc1
41. Ra2 Nc2 42. Kf2 Na3 43. Bd5 Rd1 44. Ke2 Rh1 45. Kf3 gxf4 46. Kxf4 Rf1+ 47.
Ke5 Rf3 48. Kd6 Rc3 49. Rf2 f6 50. Ke7 Rxg3 51. Rxf6 c4 52. bxc4 b3 53. Rb6 Rc3
54. c5 Nc4 55. Bxc4 Rxc4 56. Rxb3 Rxc5 57. Rg3+ Kh7 58. Kf6 Rc6+ 59. Kf5 Rc1
60. e5 Rf1+ 61. Ke6 1-0

[Event "ØBRO 75 år & KM"]
[Site "?"]
[Date "2011.10.21"]
[Round "8"]
[White "Petersen, Martin Reib"]
[Black "Akdag, Dara"]
[Result "0-1"]
[WhiteElo "1969"]
[BlackElo "2218"]
[PlyCount "102"]
[EventDate "2011.??.??"]

1. e4 c5 2. d4 cxd4 3. c3 Nf6 4. e5 Nd5 5. Nf3 d6 6. Bc4 e6 7. cxd4 dxe5 8.
dxe5 Bb4+ 9. Bd2 Be7 10. O-O O-O 11. Qe2 Bd7 12. Nc3 Nxc3 13. Bxc3 Nc6 14. Rfd1
Qc7 15. Qe4 Rfd8 16. Bd3 g6 17. h4 Qb6 18. Ng5 Be8 19. a3 Nd4 20. Bc4 Nf5 21.
Qg4 h5 22. Qf4 Rac8 23. Be2 Bb5 24. Bxb5 Qxb5 25. g3 Rd5 26. Rxd5 Qxd5 27. Qa4
b5 28. Qd1 Rc4 29. Qxd5 exd5 30. Rd1 d4 31. Ba5 Rc2 32. Rd2 Rc1+ 33. Kg2 Bxg5
34. hxg5 Kf8 35. Bb4+ Ke8 36. Bd6 a5 37. Kf3 Kd7 38. Bb8 Ke6 39. Ke4 Re1+ 40.
Kd3 Kd5 41. Bc7 a4 42. Bb8 Rc1 43. Bd6 Ng7 44. Re2 Ne6 45. Be7 h4 46. Kd2 Rb1
47. Kc2 Rh1 48. gxh4 d3+ 49. Kxd3 Nf4+ 50. Kd2 Nxe2 51. Kxe2 Rb1 0-1

[Event "ØBRO 75 år & KM"]
[Site "?"]
[Date "2011.10.21"]
[Round "8"]
[White "Andersen, Ole Bo"]
[Black "Rhee, Alexander"]
[Result "1-0"]
[WhiteElo "2138"]
[BlackElo "2102"]
[PlyCount "45"]
[EventDate "2011.??.??"]

1. d4 Nf6 2. c4 g6 3. Nc3 d5 4. cxd5 Nxd5 5. e4 Nxc3 6. bxc3 Bg7 7. Nf3 c5 8.
Rb1 O-O 9. Be2 Nc6 10. d5 Ne5 11. Nxe5 Bxe5 12. Qc2 c4 13. O-O Qc7 14. f4 Bd6
15. Qa4 Bd7 16. Qxc4 Qa5 17. Rxb7 Rfc8 18. Qa6 Qc5+ 19. Kh1 Rd8 20. e5 Bb8 21.
Ba3 Qxd5 22. Bf3 Qxa2 23. Rxd7 1-0

[Event "ØBRO 75 år & KM"]
[Site "?"]
[Date "2011.10.21"]
[Round "8"]
[White "Christensen, Bo Garner"]
[Black "Taylor, Graham"]
[Result "1-0"]
[WhiteElo "2277"]
[BlackElo "2025"]
[PlyCount "81"]
[EventDate "2011.??.??"]

1. e4 e5 2. Nf3 Nc6 3. Bb5 a6 4. Ba4 d6 5. O-O Bd7 6. c3 g6 7. d4 Bg7 8. Be3
Nf6 9. Nbd2 O-O 10. d5 Ne7 11. Bxd7 Qxd7 12. h3 c6 13. c4 Nh5 14. dxc6 bxc6 15.
Nb3 Nf4 16. Bxf4 exf4 17. Qd2 Qc7 18. Rfd1 Rfd8 19. Rac1 c5 20. Rc2 a5 21. Qxf4
a4 22. Nc1 Rab8 23. b3 axb3 24. axb3 Nc6 25. Rcd2 Nd4 26. Nxd4 Bxd4 27. Rd3 Rb6
28. Ne2 Be5 29. Qh4 Rdb8 30. f4 Bd4+ 31. Nxd4 cxd4 32. Rxd4 Rxb3 33. Rxd6 Qxc4
34. Qf6 Rf8 35. e5 Rb2 36. Qg5 Qc5+ 37. Kh2 Qf2 38. h4 Rb4 39. Rf6 Kg7 40. h5
h6 41. Rxg6+ 1-0

[Event "ØBRO 75 år & KM"]
[Site "?"]
[Date "2011.10.21"]
[Round "8"]
[White "Haubro, Sigfred"]
[Black "Nielsen, Steffen Slumstrup"]
[Result "1/2-1/2"]
[WhiteElo "2109"]
[BlackElo "2190"]
[PlyCount "26"]
[EventDate "2011.??.??"]

1. Nf3 Nf6 2. b3 g6 3. Bb2 Bg7 4. e3 O-O 5. Be2 d6 6. d4 Nbd7 7. O-O e5 8. dxe5
Ng4 9. Nbd2 Re8 10. Rb1 Ngxe5 11. Nxe5 dxe5 12. e4 Nc5 13. Bc4 Bd7 1/2-1/2

[Event "ØBRO 75 år & KM"]
[Site "?"]
[Date "2011.10.21"]
[Round "8"]
[White "Jensen, Søren Holm"]
[Black "Brøndum, Eric"]
[Result "1/2-1/2"]
[WhiteElo "1994"]
[BlackElo "2149"]
[PlyCount "26"]
[EventDate "2011.??.??"]

1. e4 c5 2. Nf3 d6 3. d4 cxd4 4. Qxd4 Nc6 5. Bb5 Bd7 6. Bxc6 Bxc6 7. Nc3 Nf6 8.
Bg5 e6 9. O-O-O Be7 10. Rhe1 Qa5 11. Qd2 O-O 12. Nd4 Rfc8 13. Kb1 Kh8 1/2-1/2

[Event "ØBRO 75 år & KM"]
[Site "?"]
[Date "2011.10.21"]
[Round "8"]
[White "Petersen, Steen Brustrup"]
[Black "Sørensen, Dick"]
[Result "1/2-1/2"]
[WhiteElo "2122"]
[BlackElo "1982"]
[PlyCount "53"]
[EventDate "2011.??.??"]

1. e4 c5 2. Nf3 e6 3. d4 cxd4 4. Nxd4 a6 5. Nc3 Qc7 6. Bd3 Nc6 7. Nxc6 bxc6 8.
Qe2 e5 9. O-O d6 10. a4 a5 11. b3 Nf6 12. Bc4 Be7 13. Ba3 O-O 14. Kh1 Nd7 15.
Qd2 Nb6 16. Be2 Be6 17. f4 f6 18. f5 Bf7 19. Rf3 d5 20. Bxe7 Qxe7 21. exd5 cxd5
22. Nb5 Rfd8 23. Rc3 Qb4 24. Rd1 d4 25. Rc6 Nd5 26. Bc4 h6 27. Qxb4 1/2-1/2

[Event "ØBRO 75 år & KM"]
[Site "?"]
[Date "2011.10.22"]
[Round "9"]
[White "Akdag, Dara"]
[Black "Andersen, Ole Bo"]
[Result "1/2-1/2"]
[WhiteElo "2218"]
[BlackElo "2138"]
[PlyCount "82"]
[EventDate "2011.??.??"]

1. Nf3 Nf6 2. d4 g6 3. c4 Bg7 4. Nc3 c5 5. d5 O-O 6. e4 d6 7. Bd3 e6 8. O-O
exd5 9. exd5 Bg4 10. h3 Bxf3 11. Qxf3 Nfd7 12. Qd1 Na6 13. Re1 Nc7 14. Bf4 Ne5
15. Bf1 Qd7 16. Bg5 f6 17. Bh4 Rae8 18. f4 Nf7 19. Ne4 Nh6 20. Qb3 b6 21. Qc3
g5 22. Bf2 Rxe4 23. Rxe4 f5 24. Qc2 fxe4 25. fxg5 Rxf2 26. Kxf2 Bd4+ 27. Ke1
Nf5 28. Qxe4 Bxb2 29. Rb1 Bc3+ 30. Kf2 Bd4+ 31. Ke1 Ng3 32. Qf4 Qe8+ 33. Kd2
Be5 34. Qg4 Qa4 35. Qc8+ Ne8 36. Qe6+ Kh8 37. Bd3 Bf4+ 38. Ke1 Qa5+ 39. Kf2
Qd2+ 40. Kg1 Qxd3 41. Qxe8+ Kg7 1/2-1/2

[Event "ØBRO 75 år & KM"]
[Site "?"]
[Date "2011.10.22"]
[Round "9"]
[White "Carstensen, Jacob"]
[Black "Christensen, Bo Garner"]
[Result "0-1"]
[WhiteElo "2372"]
[BlackElo "2277"]
[PlyCount "92"]
[EventDate "2011.??.??"]

1. d4 Nf6 2. c4 g6 3. Nc3 Bg7 4. e4 d6 5. f3 O-O 6. Be3 e5 7. d5 Nh5 8. Qd2
Qh4+ 9. g3 Nxg3 10. Qf2 Nxf1 11. Qxh4 Nxe3 12. Qf2 Nxc4 13. h4 Bd7 14. b3 Nb6
15. h5 a5 16. Nh3 Na6 17. Ke2 a4 18. Qh4 axb3 19. axb3 Nc5 20. Rxa8 Rxa8 21.
Rb1 f6 22. h6 Bf8 23. Nf2 Kf7 24. Nd3 Nxd3 25. Kxd3 Be7 26. Qh2 c6 27. Qf2 Bd8
28. Na4 Nxd5 29. Rd1 Nf4+ 30. Kc3 d5 31. Kb2 d4 32. Rxd4 exd4 33. Qxd4 Be6 34.
Qd6 g5 35. Nc5 Be7 36. Qc7 b5 37. Nxe6 Nxe6 38. Qxc6 Rb8 39. Qd5 b4 40. Qf5 Nf8
41. f4 gxf4 42. Qd5+ Ke8 43. Qc6+ Nd7 44. Kc2 Rd8 45. Kd3 Kf8 46. Ke2 f3+ 0-1

[Event "ØBRO 75 år & KM"]
[Site "?"]
[Date "2011.10.22"]
[Round "9"]
[White "Rhee, Alexander"]
[Black "Steenstrup, Per"]
[Result "1-0"]
[WhiteElo "2102"]
[BlackElo "1999"]
[PlyCount "91"]
[EventDate "2011.??.??"]

1. g3 e5 2. Bg2 Nc6 3. d3 d5 4. a3 f5 5. Nf3 Nf6 6. c4 dxc4 7. Qa4 e4 8. Ne5
Bd7 9. Nxd7 Qxd7 10. dxe4 Nxe4 11. Qxc4 Ne5 12. Qc2 O-O-O 13. O-O Be7 14. Bf4
Bf6 15. Bxe4 fxe4 16. Nc3 g5 17. Bxe5 Bxe5 18. Nxe4 Qg7 19. Nc5 Rd6 20. Qe4 c6
21. Rad1 Rhd8 22. Qf5+ Kb8 23. Ne6 Rxd1 24. Nxg7 Rxf1+ 25. Kxf1 Rd1+ 26. Kg2
Bxg7 27. Qxg5 Bxb2 28. Qg8+ Kc7 29. Qxh7+ Rd7 30. Qf5 b5 31. a4 a6 32. e3 Ba3
33. h4 b4 34. Qc2 Kb6 35. h5 Rc7 36. h6 c5 37. h7 Rc8 38. g4 c4 39. h8=Q Rxh8
40. Qxc4 Rh6 41. g5 Rc6 42. Qd4+ Kb7 43. Qd5 Kc7 44. Qf7+ Kb6 45. g6 Rc7 46.
Qxc7+ 1-0